Plantilla Valencia CF Femenino 2023/24 - Estadísticas

Estadísticas generales
  • Esta prueba ha sido intentada 8 veces
  • La puntuación promedio es 8 de 22
Estadísticas de respuestas
Dorsal Posición Jugadora % Correcto
1 POR Enith Salón
86%
9 DEL Anita Marcos
71%
10 DEL Fiamma Benítez
57%
5 MED Marta Carro
57%
13 POR Antonia Canales
43%
2 DEF Berta Pujadas
43%
6 DEF Claudia Florentino
43%
16 DEL Ivonne Chacón
43%
11 DEL Macarena Portales
43%
14 DEF Pauleta Sancho
43%
22 MED Ainhoa Alguacil
29%
20 DEL Asun Martínez
29%
23 (f) DEL Elena Gil
29%
17 MED Elisha Sulola
29%
4 DEF María Molina
29%
7 DEL Marina Martí
29%
30 (f) DEL Raquel Gil
29%
26 (f) DEF Sara Tamarit
29%
21 MED Estela Fernández
14%
3 DEF Jimena López
14%
19 DEF Kerlly Real
14%
8 MED Liced Serna
14%
No se encontraron pruebas coincidentes
Distribución de puntuación
Porcentaje de gente con cada puntuación
Porcentaje por número respondido
Historial de tus puntuaciones
No has intentado esta prueba.